| 000 | 00726nam a2200289 4500 | ||
|---|---|---|---|
| 001 | 1094835 | ||
| 003 | DO-SdBNP | ||
| 005 | 20180125102520.0 | ||
| 007 | 1094835 | ||
| 008 | 900725s 1990 sp spa | ||
| 016 | 7 |
_a _z |
|
| 017 |
_a _b |
||
| 020 |
_a847175309X _c |
||
| 035 | _a | ||
| 040 |
_aBPMSU _bspa _cBPMSU |
||
| 080 | 0 | _a | |
| 100 | 1 |
_aLeón, Luis de, _d1527-1591 |
|
| 245 | 1 | 3 |
_aLa perfecta casada / _cFray Luis de León _h |
| 260 |
_aBarcelona : _bEdiciones 29, _c1990. |
||
| 300 |
_a138 p. ; _c18 cm |
||
| 490 | 1 |
_aGrandes autores _v |
|
| 504 | _a | ||
| 830 | 0 | _pGrandes autores | |
| 942 |
_2ddc _cBK |
||
| 945 | _aInventariado, 2018 /LP | ||
| 956 |
_aVMATEO _b10 _2VMATEO _620160308 |
||
| 999 |
_c9145 _d9145 |
||